000 nam a22 7a 4500
999 _c107509
_d107508
005 20210715102102.0
008 210403b ||||| |||| 00| 0 eng d
020 _a9789389718652
080 _a(079.1):624
_bGAT "2021" R
245 _aGATE 2021
_bcivil engineering
260 _aNew Delhi
_bG. K publications LTD.
_c2021
300 _a6.18p.
653 _aCompetitive exam guide
653 _aGATE- Civil Engineering- 2021
942 _cREF